Bài tập Giáo dục công dân 7

Sách bao gồm câu hỏi hướng dẫn học sinh phương pháp học tập, các dạng bài tập (trách nghiệm khách quan, tình huống, ứng dụng thực tiễn), các câu chuyện, thông tin tư liệu liên quan đến bài học

Guardat en:
Dades bibliogràfiques
Autor principal: Đặng, Thuý Anh
Format: Llibre
Idioma:Undetermined
Publicat: Hà Nội Giáo dục 2009
Matèries:
Etiquetes: Afegir etiqueta
Sense etiquetes, Sigues el primer a etiquetar aquest registre!
Thư viện lưu trữ: Trung tâm Học liệu Trường Đại học Cần Thơ
LEADER 00983nam a2200217Ia 4500
001 CTU_157884
008 210402s9999 xx 000 0 und d
020 |c 5600 
082 |a 370.1150712 
082 |b A107/L.7 
100 |a Đặng, Thuý Anh 
245 0 |a Bài tập Giáo dục công dân 7 
245 0 |c Đặng Thuý Anh (Chủ biên), Ngô Thị Diệp Lan, Trần Văn Thắng 
260 |a Hà Nội 
260 |b Giáo dục 
260 |c 2009 
520 |a Sách bao gồm câu hỏi hướng dẫn học sinh phương pháp học tập, các dạng bài tập (trách nghiệm khách quan, tình huống, ứng dụng thực tiễn), các câu chuyện, thông tin tư liệu liên quan đến bài học 
650 |a Morality and society 
650 |x Study and teaching (Secondary) 
904 |i Đào Thị Bé Ba (Bạch Trúc) 
980 |a Trung tâm Học liệu Trường Đại học Cần Thơ